000 00382nam a2200145Ia 4500
003 LK-CoDNM
008 010623t1967 xxu||||| |||| 00| 1 eng d
040 _aLK-CoDNM
_dLK-CoDNM
_eLK-CoDNM
041 _aeng
080 _a331 SRI
245 _aThe Ceylon Economic Atlas
260 _b Department of Census and Statistics
_a Sri Lanka
_c1967
300 _b75p, 24.5 cm
942 _cBK
999 _c107299
_d107299